ˆ[‰Издания]. Вып. 33: Культура белладонны (Запись № 13603820)

Подробности
000 -МАРКЕР
контрольное поле 01269nam2a2200229 4500
001 - ИДЕНТИФИКАТОР ЗАПИСИ
контрольное поле rc\2958085
005 - ИДЕНТИФИКАТОР ВЕРСИИ
контрольное поле 20260315060734.0
035 ## - ДРУГИЕ СИСТЕМНЫЕ НОМЕРА
Идентификатор записи (NLR Aleph) 007105173
100 ## - ДАННЫЕ ОБЩЕЙ ОБРАБОТКИ
Данные общей обработки 20110901d1946 u y0rusy50 ca
101 0# - ЯЗЫК РЕСУРСА
Язык текста, звукозаписи и т.д. русский
102 ## - СТРАНА ПУБЛИКАЦИИ ИЛИ ПРОИЗВОДСТВА
Страна публикации российская федерация
105 ## - ПОЛЕ КОДИРОВАННЫХ ДАННЫХ: ТЕКСТОВЫЕ МАТЕРИАЛЫ, МОНОГРАФИЧЕСКИЕ
Кодированные данные о монографическом текстовом документе y z |||||
200 1# - ЗАГЛАВИЕ И СВЕДЕНИЯ ОБ ОТВЕТСТВЕННОСТИ
Основное заглавие Культура белладонны
Первые сведения об ответственности Отв. ред. Романько, С.С.
210 ## - ПУБЛИКАЦИЯ, РАСПРОСТРАНЕНИЕ И ДР.
Дата издания, распространения и т.д. 1946
461 #0 - УРОВЕНЬ НАБОРА
Встроенное поле 001rc\2958081
-- 2001#$aˆ[‰Издания]$fРед. коллегия: Губенко, В.Т., Дидук, В.Л., Закордонец, А.И. ... [и др.]$gОтв. ред. А.И. Закордонец$gУкр. опытная ст. лекарственных растений ВИЛАР'а$vВып. 33
Системный номер (АБИС) связанной записи 6710945
Автор Украинская опытная станция лекарственных растений (Лубны)
Место публикации Лубны
Дата публикации 1939-1946
Первые сведения об ответственности Ред. коллегия: Губенко, В.Т., Дидук, В.Л., Закордонец, А.И. ... [и др.]
Имя издателя, распространителя и т.д. Укр. опытная ст. лекарственных растений ВИЛАР'а
Заглавие ˆ[‰Издания]
Номер тома Вып. 33
700 #1 - ИМЯ ЛИЦА - ПЕРВИЧНАЯ ОТВЕТСТВЕННОСТЬ
Начальный элемент ввода Перенко
Часть имени, кроме начального элемента ввода Н.
801 #0 - ИСТОЧНИК ЗАПИСИ
Страна российская федерация
Организация NLR
Правила каталогизации psbo
801 #1 - ИСТОЧНИК ЗАПИСИ
Страна российская федерация
Организация ELAR
Источник данных rusmarc
852 ## - МЕСТОНАХОЖДЕНИЕ И ШИФР ХРАНЕНИЯ
Идентификатор организации NLR
Наименование фонда или коллекции (Sub-Location Identifier) С
Шифр хранения (Call Number) 50 Г-4/582
942 ## - ДОПОЛНИТЕЛЬНЫЕ ЭЛЕМЕНТЫ ЗАПИСИ (АБИС)
Тип экземпляра АБИС Неопределено
980 ## - КОЛЛЕКЦИЯ
Название коллекции Национальная библиография

Нет доступных экземпляров.